Inhalačný prístroj

Bibliographic Details
Corporate Author: AstraZeneca UK Limited (Londýn, Anglicko) (Patent holder)
Other Authors: Hodson, Darren (Originator), Rasmussen, Jørgen (Originator)
Format: Book
Language:Slovak
PhysicalDescription:10 s. obr. 30 cm
Published: [Banská Bystrica] Úrad priemyselného vlastníctva SR [2008]
Subjects:

MARC

LEADER 00000cam a2200000 a 4500
001 vtls009817283
003 SK-MaSNL
005 20260331204934.0
008 251120s2008 xo a j f000 0 slo
013 |a 286209  |b SK  |c patent  |d 20080506  |e dátum nadobudnutia účinkov patentu (Vestník ÚPV SR č.: 5/2008)  |d 20080430  |e dátum sprístupnenia patentu 
013 |a 700-2000  |e číslo prihlášky  |d 19981111  |e dátum podania prihlášky  |d 20010118  |e dátum zverejnenia prihlášky (Vestník ÚPV SR č.: 01/2001) 
013 |a 9704185-9  |e číslo prioritnej prihlášky  |d 19971114  |e dátum podania prioritnej prihlášky  |b SE  |e kód krajiny prioritnej prihlášky 
015 |a SNBN2013 
035 |a (SVKBBclas03)vtls000288648 
040 |a SNK  |b slo  |c SNK  |e AACR2 
041 0 |a slo 
072 7 |a 615  |x Farmácia. Farmakológia  |2 konspekt 
080 |a 615.473.92  |2 2001 
084 |a A61M 11/00  |2 IPC 
084 |a A61M 15/00  |2 IPC 
100 1 |a Hodson, Darren  |4 org  |9 745487 
245 1 0 |a Inhalačný prístroj  |c Darren Hodson, Jørgen Rasmussen ; patent. zást. Viera Žovicová 
260 |a [Banská Bystrica]  |b Úrad priemyselného vlastníctva SR  |c [2008] 
300 |a 10 s.  |b obr.  |c 30 cm 
650 0 7 |a inhalačné prístroje  |2 SVKBBPH  |9 745488 
650 0 7 |a Inhalers  |2 SNKPHeng  |9 320921 
655 7 |a patenty  |2 SNKPH  |9 177343 
655 7 |a patent licenses  |2 SNKPHeng  |9 303430 
700 1 |a Rasmussen, Jørgen  |4 org  |9 745489 
700 1 |a Žovicová, Viera  |4 oth  |9 305079 
710 2 |a AstraZeneca UK Limited (Londýn, Anglicko)  |4 pth  |9 321713 
999 |c 1174513  |d 1176443 
952 |a SNK  |b SNK  |y PREZ  |7 0  |p 17A1080021  |o snkSK 286209  |i snk2013/16892  |8 0  |0 0  |1 0  |4 0  |d 2013-07-19  |l 0  |r 2026-02-24 21:17:54  |w 2026-02-24